Старуха Изергиль
| Autor Principal: | |
|---|---|
| Outros autores: | , |
| Summary: | Авт. указан на корешке На обл. загл. не указано В суперобложке. |
| Idioma: | ruso |
| Publicado: |
Москва, Современник, 1977
|
| Subjects: | |
| Formato: | MixedMaterials Libro |
| KOHA link: | https://koha.lib.tpu.ru/cgi-bin/koha/opac-detail.pl?biblionumber=215121 |
MARC
| LEADER | 00000nam0a2200000 4500 | ||
|---|---|---|---|
| 001 | 215121 | ||
| 005 | 20231101225939.0 | ||
| 010 | |b 10000 | ||
| 035 | |a (RuTPU)RU\TPU\book\235018 | ||
| 090 | |a 215121 | ||
| 100 | |a 20120504d1977 m y0rusy50 ca | ||
| 101 | 0 | |a rus | |
| 102 | |a RU | ||
| 105 | |a a z 000ay | ||
| 200 | 1 | |a Старуха Изергиль |f М. Горький |g худ. В. Комаров, В. Толстоногов | |
| 210 | |a Москва |c Современник |d 1977 | ||
| 215 | |a 133 с. |c ил. |d 8 см. | ||
| 300 | |a Авт. указан на корешке | ||
| 300 | |a На обл. загл. не указано | ||
| 300 | |a В суперобложке. | ||
| 606 | |a Русская литература, дореволюционная |2 stltpush |3 (RuTPU)RU\TPU\subj\26371 |9 50314 | ||
| 606 | |a Русская литература современная |2 stltpush |3 (RuTPU)RU\TPU\subj\26373 |9 50316 | ||
| 610 | 1 | |a русская литература | |
| 610 | 1 | |a художественная литература | |
| 610 | 1 | |a проза | |
| 610 | 1 | |a 19 век | |
| 675 | |a Р1 |v 3 | ||
| 675 | |a Р2 |v 3 | ||
| 700 | 1 | |a Горький |b М. |c настоящая фамилия Пешков |c русский писатель |c публицист |f 1868-1936 |g Максим |2 stltpush |3 (RuTPU)RU\TPU\pers\1037 |9 460 | |
| 702 | 1 | |a Комаров |b В. |4 040 | |
| 702 | 1 | |a Толстоногов |b В. |4 040 | |
| 801 | 1 | |a RU |b 63413507 |c 20120504 | |
| 801 | 2 | |a RU |b 63413507 |c 20180814 |g RCR | |
| 942 | |c BK | ||